| 000 | 00660nam a2200193 a 4500 | ||
|---|---|---|---|
| 005 | 20210223130858.0 | ||
| 008 | 081112s2001 mx r 000 0 spa d | ||
| 020 | _a9685142165 | ||
| 035 | _aUPN01000167942 | ||
| 049 | _aI | ||
| 050 | 4 |
_aCB353 _bR6.9 |
|
| 100 | 1 | _aRossi, Renzo | |
| 245 | 1 | 3 |
_aLa vida en la casa de un mercader medieval / _ctextos de Renzo Rossi ; il. de Giorgio Bacchin ; tr. Carla Povero Cantú. |
| 260 |
_aMéxico : _bCorreo del Maestro : _bLa Vasija : _bUribe y Ferrari, _cc2001. |
||
| 300 |
_a45 p. : _bil. col. |
||
| 440 | 3 | _aLa vida en ... | |
| 650 | 4 |
_aCIUDADES Y PUEBLOS MEDIEVALES - _vLITERATURA JUVENIL _911110 |
|
| 905 | _aInfantil | ||
| 999 |
_c140052 _d140052 |
||